Rationality and freedom (Record no. 285865)

MARC details
000 -LEADER
fixed length control field 00673nam a2200241Ia 4500
008 - FIXED-LENGTH DATA ELEMENTS--GENERAL INFORMATION
fixed length control field 191130s2002##################000#0#eng##
020 ## - INTERNATIONAL STANDARD BOOK NUMBER
ISBN 9780195678758
082 ## - DEWEY DECIMAL CLASSIFICATION NUMBER
Classification number 302.13 SEN
100 ## - MAIN ENTRY--AUTHOR NAME
Personal name Amartya Sen
245 ## - TITLE STATEMENT
Title Rationality and freedom
Statement of responsibility, etc Amartya Sen
260 ## - PUBLICATION, DISTRIBUTION, ETC. (IMPRINT)
Place of publication Cambridge, Mass
Name of publisher Belknap Press
Year of publication c2002
300 ## - PHYSICAL DESCRIPTION
Number of Pages ix, 736 p. ; 24 cm
500 ## - GENERAL NOTE
General note Includes bibliographical references and indexes
650 ## - SUBJECT ADDED ENTRY--TOPICAL TERM
Topical Term Decision making
Topical Term Liberty
Topical Term Rational choice theory
Topical Term Social choice
991 ## -
-- 162635
Holdings
Withdrawn status Lost status Damaged status Not for loan Home library Current library Shelving location Date acquired Full call number Accession Number Price effective from Koha item type
        Anna Centenary Library Anna Centenary Library 3RD FLOOR, A WING 15.10.2020 302.13 SEN 107905 15.10.2020 Books

Find us on the map